[Event "POL-chT 2 Liga 2019"]
[Site "Poronin"]
[Date "2019.09.11"]
[Round "5.14"]
[White "Wieczorek, Zbigniew"]
[Black "Piotrowski, Przemyslaw"]
[Result "1/2-1/2"]
[WhiteElo "2193"]
[BlackElo "2293"]
[Annotator "NA"]
[PlyCount "118"]
[EventDate "2019.09.07"]
[EventType "team-tourn"]
[EventCountry "POL"]
[SourceTitle "playchess.com"]
[Source "ChessBase"]
[SourceQuality "1"]
[TimeControl "40/5400+30:1800+30"]

1. Nf3 {[%emt 0:00:00]} g6 {[%emt 0:00:05]} 2. g3 {[%emt 0:01:55]} Bg7 {[%emt 0:00:43]} 3. c4 {[%emt 0:00:41]} e5 {[%emt 0:01:44]} 4. Nc3 {[%emt 0:00:08]} Ne7 {[%emt 0:02:06]} 5. Bg2 {[%emt 0:02:25]} c5 {[%emt 0:04:23]} 6. O-O {[%emt 0:03:33]} Nbc6 {[%emt 0:00:22]} 7. d3 {[%emt 0:03:46]} O-O {[%emt 0:08:03]} 8. a3 {[%emt 0:00:46]} h6 {[%emt 0:02:22]} 9. Rb1 {[%emt 0:00:22]} f5 {[%emt 0:03:38]} 10. Nd5 {[%emt 0:03:19]} a5 {[%emt 0:29:53]} 11. Ne1 {[%emt 0:26:49]} Nxd5 {[%emt 0:14:39]} 12. cxd5 {[%emt 0:03:39]} Nd4 {[%emt 0:03:05]} 13. a4 {[%emt 0:10:46]} f4 {[%emt 0:04:13]} 14. e3 {[%emt 0:04:02]} fxe3 {[%emt 0:01:28]} 15. fxe3 {[%emt 0:01:13]} Rxf1+ {[%emt 0:00:07]} 16. Bxf1 {[%emt 0:04:16]} Nf5 {[%emt 0:00:11]} 17. e4 {[%emt 0:02:02]} Nd4 {[%emt 0:00:44]} 18. Nf3 {[%emt 0:02:01]} Nxf3+ {[%emt 0:00:30]} 19. Qxf3 {[%emt 0:00:04]} d6 {[%emt 0:00:17]} 20. Bd2 {[%emt 0:01:52]} Bd7 {[%emt 0:00:48]} 21. Qd1 {[%emt 0:02:10]} Qb6 {[%emt 0:01:34]} 22. Qc1 {[%emt 0:03:13]} Kh7 {[%emt 0:04:08]} 23. b3 {[%emt 0:00:43]} Rf8 {[%emt 0:01:35]} 24. Qe1 {[%emt 0:01:22]} Ra8 {[%emt 0:01:24]} 25. h4 {[%emt 0:02:14]} Qd8 {[%emt 0:02:35]} 26. Kh2 {[%emt 0:01:54]} g5 {[%emt 0:06:07]} 27. hxg5 {[%emt 0:02:24]} hxg5 {[%emt 0:00:04]} 28. Qe3 {[%emt 0:00:23]} Kg6 {[%emt 0:00:30]} 29. Kg2 {[%emt 0:01:31]} Qe7 {[%emt 0:02:30]} 30. Be2 {[%emt 0:00:24]} b6 {[%emt 0:00:40]} 31. Rh1 {[%emt 0:00:42]} Rh8 {[%emt 0:00:15]} 32. Rxh8 {[%emt 0:00:43]} Bxh8 {[%emt 0:00:02]} 33. Bf3 {[%emt 0:04:58]} Bf6 {[%emt 0:03:22]} 34. Qe2 {[%emt 0:00:10]} Qf8 {[%emt 0:01:15]} 35. Bh5+ {[%emt 0:01:20]} Kg7 36. Bg4 {[%emt 0:00:11]} Qc8 {[%emt 0:00:20]} 37. Bxd7 {[%emt 0:00:49]} Qxd7 {[%emt 0:00:03]} 38. Qh5 {[%emt 0:00:19]} Qe7 {[%emt 0:00:58]} 39. Qg4 {[%emt 0:00:53]} Kh6 {[%emt 0:00:48]} 40. Qf5 {[%emt 0:00:00]} Kh5 {[%emt 0:00:00]} 41. Kf3 {[%emt 0:02:34]} Qg7 {[%emt 0:10:02]} 42. Qh3+ {[%emt 0:09:29]} Kg6 {[%emt 0:00:04]} 43. Qe6 {[%emt 0:00:10]} Qe7 {[%emt 0:03:38]} 44. Qf5+ {[%emt 0:01:34]} Kh5 {[%emt 0:00:11]} 45. Ke2 {[%emt 0:02:10]} Bg7 {[%emt 0:05:53]} 46. g4+ {[%emt 0:01:07]} Kh6 {[%emt 0:00:09]} 47. Kd1 {[%emt 0:00:10]} Bf6 {[%emt 0:12:40]} 48. Kc2 {[%emt 0:00:29]} Kg7 {[%emt 0:00:10]} 49. Kc3 {[%emt 0:00:17]} Qd8 {[%emt 0:00:54]} 50. Kc4 {[%emt 0:00:21]} Be7 {[%emt 0:01:30]} 51. Qe6 {[%emt 0:02:01]} Kf8 {[%emt 0:00:24]} 52. Qg6 {[%emt 0:02:16]} Bf6 {[%emt 0:01:05]} 53. Qf5 {[%emt 0:02:50]} Ke8 {[%emt 0:01:01]} 54. Qe6+ {[%emt 0:01:54]} Kf8 {[%emt 0:00:06]} 55. Kb5 {[%emt 0:00:41]} Be7 {[%emt 0:00:05]} 56. Qh6+ {[%emt 0:01:11]} Ke8 {[%emt 0:01:37]} 57. Qe6 {[%emt 0:03:48]} Kf8 {[%emt 0:00:22]} 58. Qh6+ {[%emt 0:03:03]} Ke8 {[%emt 0:00:15]} 59. Kc4 {[%emt 0:01:32]} Kd7 {[%emt 0:00:34]} 1/2-1/2

[Event "POL-chT 2 Liga 2019"]
[Site "Poronin"]
[Date "2019.09.11"]
[Round "5.17"]
[White "Kolasinski, Krzysztof"]
[Black "Sochacki, Zenon"]
[Result "1-0"]
[WhiteElo "2104"]
[BlackElo "1887"]
[Annotator "NA"]
[PlyCount "51"]
[EventDate "2019.09.07"]
[EventType "team-tourn"]
[EventCountry "POL"]
[SourceTitle "playchess.com"]
[Source "ChessBase"]
[SourceQuality "1"]
[TimeControl "40/5400+30:1800+30"]

1. d4 {[%emt 0:00:00]} Nf6 {[%emt 0:00:00]} 2. c4 {[%emt 0:00:12]} e5 {[%emt 0:00:00]} 3. dxe5 {[%emt 0:00:05]} Ng4 {[%emt 0:00:02]} 4. Bf4 {[%emt 0:00:13]} g5 {[%emt 0:00:14]} 5. Bg3 {[%emt 0:00:26]} Bg7 {[%emt 0:00:14]} 6. Nf3 {[%emt 0:00:53]} Nc6 {[%emt 0:00:37]} 7. Nc3 {[%emt 0:00:48]} Ngxe5 {[%emt 0:00:32]} 8. e3 {[%emt 0:01:05]} d6 {[%emt 0:01:10]} 9. Be2 {[%emt 0:00:45]} Be6 {[%emt 0:01:00]} 10. Qa4 {[%emt 0:03:01]} Bd7 {[%emt 0:26:33]} 11. Nxe5 {[%emt 0:02:48]} Nxe5 {[%emt 0:02:11]} 12. Qc2 {[%emt 0:00:24]} Be6 {[%emt 0:02:49]} 13. O-O {[%emt 0:06:54]} h5 {[%emt 0:03:38]} 14. Rad1 {[%emt 0:01:57]} g4 {[%emt 0:11:50]} 15. c5 {[%emt 0:06:30]} Qe7 {[%emt 0:10:08]} 16. cxd6 {[%emt 0:00:35]} cxd6 {[%emt 0:00:10]} 17. Ne4 {[%emt 0:01:08]} d5 {[%emt 0:02:48]} 18. Nc3 {[%emt 0:06:13]} Qc5 {[%emt 0:08:03]} 19. Qa4+ {[%emt 0:06:24]} Kf8 {[%emt 0:03:23]} 20. Nb5 {[%emt 0:08:10]} Kg8 {[%emt 0:10:22]} 21. Rc1 {[%emt 0:03:59]} Qb6 {[%emt 0:00:43]} 22. Nc7 {[%emt 0:00:30]} Rd8 {[%emt 0:04:18]} 23. Bh4 {[%emt 0:01:59]} Rb8 {[%emt 0:05:53]} 24. b3 {[%emt 0:04:51]} Bd7 {[%emt 0:02:39]} 25. Nxd5 {[%emt 0:04:31]} Qd6 {[%emt 0:01:42]} 26. Qxa7 {[%emt 0:02:20]} 1-0

[Event "POL-chT 2 Liga 2019"]
[Site "Poronin"]
[Date "2019.09.11"]
[Round "5.18"]
[White "Suchanek, Paulina"]
[Black "Dmochowska, Agnieszka"]
[Result "0-1"]
[WhiteElo "1574"]
[BlackElo "2110"]
[Annotator "NA"]
[PlyCount "66"]
[EventDate "2019.09.07"]
[EventType "team-tourn"]
[EventCountry "POL"]
[SourceTitle "playchess.com"]
[Source "ChessBase"]
[SourceQuality "1"]
[TimeControl "40/5400+30:1800+30"]

1. d4 {[%emt 0:00:00]} Nf6 {[%emt 0:00:00]} 2. c4 {[%emt 0:00:04]} e6 {[%emt 0:00:00]} 3. Nc3 {[%emt 0:00:25]} Bb4 {[%emt 0:00:00]} 4. Bg5 {[%emt 0:01:03]} c5 {[%emt 0:04:01]} 5. Nf3 {[%emt 0:01:56]} Nc6 {[%emt 0:08:30]} 6. e3 {[%emt 0:02:36]} Qa5 {[%emt 0:08:26]} 7. Bxf6 {[%emt 0:07:57]} Bxc3+ {[%emt 0:01:53]} 8. bxc3 {[%emt 0:00:21]} Qxc3+ {[%emt 0:00:08]} 9. Nd2 {[%emt 0:00:08]} gxf6 {[%emt 0:00:16]} 10. dxc5 {[%emt 0:04:01]} Ne5 {[%emt 0:04:17]} 11. Be2 {[%emt 0:04:47]} Nd3+ {[%emt 0:05:53]} 12. Bxd3 {[%emt 0:00:39]} Qxd3 {[%emt 0:00:12]} 13. Qg4 {[%emt 0:14:01]} Qg6 {[%emt 0:10:36]} 14. Qf3 {[%emt 0:03:19]} Ke7 {[%emt 0:13:15]} 15. O-O {[%emt 0:04:56]} Rd8 {[%emt 0:03:05]} 16. Ne4 {[%emt 0:02:43]} b6 {[%emt 0:03:11]} 17. Nd6 {[%emt 0:00:33]} Ba6 {[%emt 0:02:23]} 18. Rab1 {[%emt 0:07:48]} bxc5 {[%emt 0:01:49]} 19. Nb5 {[%emt 0:05:40]} Rab8 {[%emt 0:03:15]} 20. Qd1 {[%emt 0:08:33]} Rb6 {[%emt 0:08:31]} 21. a4 {[%emt 0:04:13]} Rg8 {[%emt 0:08:47]} 22. g3 {[%emt 0:00:59]} Qe4 {[%emt 0:01:23]} 23. a5 {[%emt 0:01:39]} Bb7 {[%emt 0:00:29]} 24. f3 {[%emt 0:00:08]} Qxe3+ {[%emt 0:00:07]} 25. Kg2 {[%emt 0:00:28]} Ra6 {[%emt 0:02:15]} 26. Re1 {[%emt 0:02:57]} Qf4 {[%emt 0:01:20]} 27. Kf2 {[%emt 0:01:20]} Qxc4 {[%emt 0:01:25]} 28. Nc7 {[%emt 0:03:16]} Rd6 {[%emt 0:00:31]} 29. Rxb7 {[%emt 0:01:47]} Rxd1 {[%emt 0:00:08]} 30. Rxd1 {[%emt 0:00:05]} Qc2+ {[%emt 0:00:05]} 31. Ke1 {[%emt 0:01:06]} Rg5 {[%emt 0:02:02]} 32. Rdb1 {[%emt 0:03:15]} Re5+ {[%emt 0:00:21]} 33. Kf1 {[%emt 0:00:06]} Re2 {[%emt 0:00:51]} 0-1

[Event "POL-chT 2 Liga 2019"]
[Site "Poronin"]
[Date "2019.09.11"]
[Round "5.19"]
[White "Wandzik, Wojciech"]
[Black "Maciejczak, Jakub"]
[Result "1-0"]
[WhiteElo "2409"]
[BlackElo "2383"]
[Annotator "NA"]
[PlyCount "75"]
[EventDate "2019.09.07"]
[EventType "team-tourn"]
[EventCountry "POL"]
[SourceTitle "playchess.com"]
[Source "ChessBase"]
[SourceQuality "1"]
[TimeControl "40/5400+30:1800+30"]

1. e4 {[%emt 0:00:00]} c6 {[%emt 0:00:00]} 2. d4 {[%emt 0:00:00]} d5 {[%emt 0:00:00]} 3. Nc3 {[%emt 0:00:08]} dxe4 {[%emt 0:00:00]} 4. Nxe4 {[%emt 0:00:04]} Bf5 {[%emt 0:03:41]} 5. Ng3 {[%emt 0:00:30]} Bg6 {[%emt 0:00:08]} 6. h4 {[%emt 0:01:51]} h6 {[%emt 0:00:10]} 7. Nf3 {[%emt 0:00:11]} Nd7 {[%emt 0:05:38]} 8. h5 {[%emt 0:00:55]} Bh7 {[%emt 0:00:08]} 9. Bd3 {[%emt 0:00:10]} Bxd3 {[%emt 0:00:09]} 10. Qxd3 {[%emt 0:00:05]} e6 {[%emt 0:00:24]} 11. Bd2 {[%emt 0:00:41]} Ngf6 {[%emt 0:00:46]} 12. O-O-O {[%emt 0:00:46]} Be7 {[%emt 0:01:02]} 13. Kb1 {[%emt 0:01:50]} c5 {[%emt 0:13:39]} 14. Ne4 {[%emt 0:03:33]} Qc7 {[%emt 0:09:54]} 15. Nxf6+ {[%emt 0:06:33]} Nxf6 {[%emt 0:04:55]} 16. dxc5 {[%emt 0:18:53]} Qxc5 {[%emt 0:02:39]} 17. Be3 {[%emt 0:04:59]} Qa5 {[%emt 0:08:15]} 18. Bd4 {[%emt 0:07:14]} O-O {[%emt 0:05:01]} 19. Ne5 {[%emt 0:02:40]} Rfd8 {[%emt 0:14:35]} 20. Qe2 {[%emt 0:00:23]} Rac8 {[%emt 0:11:51]} 21. Rhe1 {[%emt 0:04:00]} Bc5 {[%emt 0:03:08]} 22. Nc4 {[%emt 0:11:21]} Qc7 {[%emt 0:04:05]} 23. Bxf6 {[%emt 0:02:54]} gxf6 {[%emt 0:00:07]} 24. Nd2 {[%emt 0:02:06]} Be7 {[%emt 0:03:05]} 25. c3 {[%emt 0:01:58]} f5 {[%emt 0:01:11]} 26. g4 {[%emt 0:00:17]} Qf4 {[%emt 0:00:49]} 27. gxf5 {[%emt 0:05:01]} Qxf5+ {[%emt 0:00:06]} 28. Ne4 {[%emt 0:00:36]} Rd5 {[%emt 0:01:11]} 29. Ka1 {[%emt 0:01:12]} Rcd8 {[%emt 0:01:23]} 30. Rxd5 {[%emt 0:05:19]} Rxd5 {[%emt 0:00:15]} 31. c4 {[%emt 0:00:45]} Re5 {[%emt 0:02:37]} 32. Qd3 {[%emt 0:00:49]} Qxh5 {[%emt 0:02:53]} 33. f4 {[%emt 0:06:42]} Rf5 {[%emt 0:00:14]} 34. Rg1+ {[%emt 0:02:48]} Kf8 {[%emt 0:00:25]} 35. Qd7 {[%emt 0:01:14]} Bg5 {[%emt 0:00:35]} 36. fxg5 {[%emt 0:01:36]} hxg5 {[%emt 0:00:10]} 37. Ng3 {[%emt 0:00:49]} Qh2 {[%emt 0:00:11]} 38. Qd8+ {[%emt 0:00:05]} 1-0

[Event "POL-chT 2 Liga 2019"]
[Site "Poronin"]
[Date "2019.09.11"]
[Round "5.20"]
[White "Janaszak, Dawid"]
[Black "Lizak, Jakub"]
[Result "1-0"]
[WhiteElo "2351"]
[BlackElo "2236"]
[Annotator "NA"]
[PlyCount "75"]
[EventDate "2019.09.07"]
[EventType "team-tourn"]
[EventCountry "POL"]
[SourceTitle "playchess.com"]
[Source "ChessBase"]
[SourceQuality "1"]
[TimeControl "40/5400+30:1800+30"]

1. d4 {[%emt 0:00:00]} d5 {[%emt 0:00:00]} 2. Nf3 {[%emt 0:00:30]} Nf6 {[%emt 0:00:30]} 3. c4 {[%emt 0:00:30]} dxc4 {[%emt 0:00:04]} 4. Qa4+ {[%emt 0:01:34]} c6 {[%emt 0:04:06]} 5. Qxc4 {[%emt 0:00:09]} Be6 {[%emt 0:00:22]} 6. Qc2 {[%emt 0:03:09]} Bg4 {[%emt 0:02:29]} 7. Nbd2 {[%emt 0:02:13]} Qa5 {[%emt 0:02:24]} 8. Ne5 {[%emt 0:04:46]} Bh5 {[%emt 0:01:41]} 9. e3 {[%emt 0:03:09]} Nbd7 {[%emt 0:00:13]} 10. b4 {[%emt 0:06:53]} Qd5 {[%emt 0:01:58]} 11. Bb2 {[%emt 0:05:38]} Nxe5 {[%emt 0:04:58]} 12. dxe5 {[%emt 0:00:02]} Bg6 {[%emt 0:00:32]} 13. Qc3 {[%emt 0:02:52]} Nd7 {[%emt 0:01:23]} 14. e4 {[%emt 0:01:42]} Qe6 {[%emt 0:02:40]} 15. f4 {[%emt 0:02:33]} Nb6 {[%emt 0:01:48]} 16. f5 {[%emt 0:03:29]} Bxf5 {[%emt 0:00:09]} 17. exf5 {[%emt 0:00:02]} Qxf5 {[%emt 0:00:06]} 18. Qf3 {[%emt 0:09:52]} Qxf3 {[%emt 0:05:22]} 19. Nxf3 {[%emt 0:00:24]} e6 {[%emt 0:01:31]} 20. b5 {[%emt 0:01:11]} Bb4+ {[%emt 0:02:50]} 21. Kf2 {[%emt 0:01:03]} c5 {[%emt 0:01:24]} 22. a4 {[%emt 0:05:04]} Ba5 {[%emt 0:01:30]} 23. Be2 {[%emt 0:04:38]} Rc8 {[%emt 0:02:47]} 24. Ng5 {[%emt 0:04:39]} O-O {[%emt 0:01:30]} 25. Ne4 {[%emt 0:04:04]} c4 {[%emt 0:01:22]} 26. Rhc1 {[%emt 0:02:44]} Rfd8 {[%emt 0:02:32]} 27. Rc2 {[%emt 0:03:54]} Rd7 {[%emt 0:03:56]} 28. Bc3 {[%emt 0:05:35]} Bxc3 {[%emt 0:00:20]} 29. Rxc3 {[%emt 0:00:13]} Rd4 {[%emt 0:02:24]} 30. Nd6 {[%emt 0:01:50]} Rc5 {[%emt 0:01:59]} 31. a5 {[%emt 0:07:26]} Nd7 {[%emt 0:01:31]} 32. Rxc4 {[%emt 0:02:38]} Rdxc4 {[%emt 0:02:43]} 33. Nxc4 {[%emt 0:01:20]} g6 {[%emt 0:02:19]} 34. Rd1 {[%emt 0:02:56]} Nf8 {[%emt 0:00:34]} 35. Nd6 {[%emt 0:04:53]} Rc7 {[%emt 0:00:33]} 36. Ne8 {[%emt 0:00:32]} Rc5 {[%emt 0:01:58]} 37. Nf6+ {[%emt 0:00:21]} Kg7 {[%emt 0:00:11]} 38. Nd7 {[%emt 0:00:57]} 1-0

[Event "POL-chT 2 Liga 2019"]
[Site "Poronin"]
[Date "2019.09.11"]
[Round "5.21"]
[White "Duda, Lukasz"]
[Black "Malovanyi, Yulian"]
[Result "1/2-1/2"]
[WhiteElo "2209"]
[BlackElo "2320"]
[Annotator "NA"]
[PlyCount "84"]
[EventDate "2019.09.07"]
[EventType "team-tourn"]
[EventCountry "POL"]
[SourceTitle "playchess.com"]
[Source "ChessBase"]
[SourceQuality "1"]
[TimeControl "40/5400+30:1800+30"]

1. d4 {[%emt 0:00:00]} d5 {[%emt 0:02:29]} 2. Nf3 {[%emt 0:00:00]} Nc6 {[%emt 0:00:05]} 3. Bf4 {[%emt 0:00:32]} Bg4 {[%emt 0:01:10]} 4. e3 {[%emt 0:01:14]} e6 {[%emt 0:00:22]} 5. h3 {[%emt 0:01:00]} Bh5 {[%emt 0:01:20]} 6. c4 {[%emt 0:03:24]} Bd6 {[%emt 0:02:35]} 7. Bxd6 {[%emt 0:01:14]} Qxd6 {[%emt 0:00:48]} 8. c5 {[%emt 0:03:25]} Bxf3 {[%emt 0:09:17]} 9. Qxf3 {[%emt 0:04:14]} Qd7 {[%emt 0:01:26]} 10. Bb5 {[%emt 0:03:12]} Nge7 {[%emt 0:02:06]} 11. Nc3 {[%emt 0:01:22]} O-O {[%emt 0:00:57]} 12. O-O {[%emt 0:01:39]} a6 {[%emt 0:02:36]} 13. Ba4 {[%emt 0:01:25]} b5 {[%emt 0:01:42]} 14. cxb6 {[%emt 0:04:54]} cxb6 {[%emt 0:00:07]} 15. Rac1 {[%emt 0:03:31]} b5 {[%emt 0:01:09]} 16. Bc2 {[%emt 0:00:35]} Nc8 {[%emt 0:07:22]} 17. Ne2 {[%emt 0:11:28]} Nd6 {[%emt 0:01:52]} 18. b3 {[%emt 0:00:22]} Rfc8 {[%emt 0:03:19]} 19. Nf4 {[%emt 0:07:18]} Ra7 {[%emt 0:17:56]} 20. Bb1 {[%emt 0:04:10]} Rac7 {[%emt 0:00:48]} 21. Qd1 {[%emt 0:04:08]} Nb8 {[%emt 0:11:37]} 22. Qd2 {[%emt 0:05:25]} Rc6 {[%emt 0:02:01]} 23. Rxc6 {[%emt 0:04:02]} Qxc6 {[%emt 0:00:18]} 24. Ne2 {[%emt 0:00:43]} Nd7 {[%emt 0:01:01]} 25. Rc1 {[%emt 0:02:07]} Qb7 {[%emt 0:02:07]} 26. Rxc8+ {[%emt 0:00:40]} Nxc8 {[%emt 0:00:55]} 27. Qc2 {[%emt 0:01:35]} g6 {[%emt 0:00:23]} 28. f3 {[%emt 0:02:56]} Nd6 {[%emt 0:00:12]} 29. Kf2 {[%emt 0:00:57]} Qb6 {[%emt 0:00:39]} 30. Qd2 {[%emt 0:07:24]} a5 {[%emt 0:00:34]} 31. Bd3 {[%emt 0:01:28]} Kg7 {[%emt 0:01:27]} 32. Nc3 {[%emt 0:07:31]} Qc6 {[%emt 0:03:17]} 33. Ne2 {[%emt 0:01:21]} Qc7 {[%emt 0:02:19]} 34. Qc2 {[%emt 0:01:05]} Qb6 {[%emt 0:00:50]} 35. Nc3 {[%emt 0:01:36]} h5 {[%emt 0:00:12]} 36. Ne2 {[%emt 0:03:54]} h4 {[%emt 0:01:55]} 37. Qc1 {[%emt 0:01:51]} b4 {[%emt 0:03:16]} 38. Kf1 {[%emt 0:02:04]} Qd8 {[%emt 0:12:40]} 39. Qc6 {[%emt 0:01:58]} Nb8 {[%emt 0:01:12]} 40. Qc5 {[%emt 0:00:00]} Nb7 {[%emt 0:00:00]} 41. Qc1 {[%emt 0:05:30]} Nd6 {[%emt 0:10:43]} 42. Qc5 {[%emt 0:00:35]} Nb7 {[%emt 0:00:07]} 1/2-1/2

[Event "POL-chT 2 Liga 2019"]
[Site "Poronin"]
[Date "2019.09.11"]
[Round "5.22"]
[White "Dudzinski, Pawel"]
[Black "Gola, Karol"]
[Result "1/2-1/2"]
[WhiteElo "2194"]
[BlackElo "2203"]
[Annotator "NA"]
[PlyCount "76"]
[EventDate "2019.09.07"]
[EventType "team-tourn"]
[EventCountry "POL"]
[SourceTitle "playchess.com"]
[Source "ChessBase"]
[SourceQuality "1"]
[TimeControl "40/5400+30:1800+30"]

1. e4 {[%emt 0:00:00]} c5 {[%emt 0:00:00]} 2. Nc3 {[%emt 0:00:08]} e6 {[%emt 0:00:00]} 3. g3 {[%emt 0:00:35]} Nc6 {[%emt 0:01:20]} 4. Bg2 {[%emt 0:00:06]} g6 {[%emt 0:00:52]} 5. d3 {[%emt 0:00:30]} Bg7 {[%emt 0:00:46]} 6. Be3 {[%emt 0:04:42]} d6 {[%emt 0:00:32]} 7. Qd2 {[%emt 0:00:22]} Rb8 {[%emt 0:04:18]} 8. f4 {[%emt 0:01:52]} b5 {[%emt 0:11:23]} 9. e5 {[%emt 0:02:14]} Nd4 {[%emt 0:11:14]} 10. exd6 {[%emt 0:02:42]} f5 {[%emt 0:09:42]} 11. Nd1 {[%emt 0:04:17]} Qxd6 {[%emt 0:10:42]} 12. c3 {[%emt 0:02:22]} Nc6 {[%emt 0:00:04]} 13. Qf2 {[%emt 0:03:17]} Bb7 {[%emt 0:02:05]} 14. Bxc5 {[%emt 0:08:07]} Qxd3 {[%emt 0:00:09]} 15. Qe2 {[%emt 0:23:02]} Qxe2+ {[%emt 0:06:28]} 16. Nxe2 {[%emt 0:01:02]} Nge7 {[%emt 0:13:22]} 17. Ne3 {[%emt 0:00:53]} Kf7 {[%emt 0:02:42]} 18. O-O-O {[%emt 0:01:10]} Rhd8 {[%emt 0:12:52]} 19. Rxd8 {[%emt 0:03:27]} Rxd8 {[%emt 0:02:08]} 20. Bxa7 {[%emt 0:04:34]} Ra8 {[%emt 0:00:03]} 21. Bc5 {[%emt 0:01:23]} Rxa2 {[%emt 0:00:11]} 22. Kc2 {[%emt 0:06:50]} Ra8 {[%emt 0:05:54]} 23. Rd1 {[%emt 0:00:18]} Rd8 {[%emt 0:00:15]} 24. Rxd8 {[%emt 0:06:18]} Nxd8 {[%emt 0:00:04]} 25. Bxb7 {[%emt 0:01:50]} Nxb7 {[%emt 0:00:05]} 26. Bd4 {[%emt 0:00:16]} Nc6 {[%emt 0:03:04]} 27. Bxg7 {[%emt 0:02:39]} Kxg7 {[%emt 0:00:03]} 28. Nd4 {[%emt 0:00:38]} Nxd4+ {[%emt 0:00:04]} 29. cxd4 {[%emt 0:00:01]} Na5 {[%emt 0:02:57]} 30. Kc3 {[%emt 0:00:58]} Nc6 {[%emt 0:00:05]} 31. d5 {[%emt 0:00:49]} exd5 {[%emt 0:00:04]} 32. Nxd5 {[%emt 0:00:02]} Kh6 {[%emt 0:01:29]} 33. b4 {[%emt 0:11:07]} Kh5 {[%emt 0:00:41]} 34. Nf6+ {[%emt 0:00:41]} Kh6 {[%emt 0:00:04]} 35. h4 {[%emt 0:00:10]} Kg7 {[%emt 0:00:33]} 36. Ne8+ {[%emt 0:02:43]} Kh6 {[%emt 0:00:08]} 37. Nf6 {[%emt 0:03:46]} Kg7 {[%emt 0:00:02]} 38. Ne8+ {[%emt 0:01:40]} Kh6 {[%emt 0:00:03]} 1/2-1/2

[Event "POL-chT 2 Liga 2019"]
[Site "Poronin"]
[Date "2019.09.11"]
[Round "5.23"]
[White "Szolc, Grzegorz"]
[Black "Chmielarz, Maciej"]
[Result "1/2-1/2"]
[WhiteElo "2038"]
[BlackElo "2008"]
[Annotator "NA"]
[PlyCount "46"]
[EventDate "2019.09.07"]
[EventType "team-tourn"]
[EventCountry "POL"]
[SourceTitle "playchess.com"]
[Source "ChessBase"]
[SourceQuality "1"]
[TimeControl "40/5400+30:1800+30"]

1. d4 {[%emt 0:00:00]} c6 {[%emt 0:00:00]} 2. Nf3 {[%emt 0:02:47]} d5 {[%emt 0:00:00]} 3. Bf4 {[%emt 0:00:36]} e6 {[%emt 0:00:07]} 4. e3 {[%emt 0:00:36]} Bd6 {[%emt 0:00:09]} 5. Bg3 {[%emt 0:00:52]} Nf6 {[%emt 0:02:01]} 6. Nbd2 {[%emt 0:00:48]} Bxg3 {[%emt 0:01:52]} 7. hxg3 {[%emt 0:00:17]} Nbd7 {[%emt 0:00:15]} 8. Bd3 {[%emt 0:18:24]} Qe7 {[%emt 0:04:01]} 9. Ne5 {[%emt 0:07:16]} Nxe5 {[%emt 0:02:22]} 10. dxe5 {[%emt 0:02:14]} Nd7 {[%emt 0:00:06]} 11. f4 {[%emt 0:00:54]} Qb4 {[%emt 0:17:44]} 12. Rb1 {[%emt 0:17:26]} Nc5 {[%emt 0:06:36]} 13. a3 {[%emt 0:07:42]} Nxd3+ {[%emt 0:02:00]} 14. cxd3 {[%emt 0:00:06]} Qc5 {[%emt 0:03:19]} 15. d4 {[%emt 0:04:35]} Qb5 {[%emt 0:01:24]} 16. Qc2 {[%emt 0:01:24]} g6 {[%emt 0:02:33]} 17. Kf2 {[%emt 0:04:24]} a5 {[%emt 0:06:58]} 18. a4 {[%emt 0:06:10]} Qb4 {[%emt 0:01:46]} 19. Nf3 {[%emt 0:03:06]} Bd7 {[%emt 0:02:21]} 20. b3 {[%emt 0:02:06]} b6 {[%emt 0:03:17]} 21. Ne1 {[%emt 0:04:33]} Rc8 {[%emt 0:02:21]} 22. Nd3 {[%emt 0:00:20]} Qe7 {[%emt 0:00:11]} 23. Qd2 {[%emt 0:00:59]} c5 {[%emt 0:09:46]} 1/2-1/2

[Event "POL-chT 2 Liga 2019"]
[Site "Poronin"]
[Date "2019.09.11"]
[Round "5.24"]
[White "Czerwinska, Milena"]
[Black "Mazur, Anna"]
[Result "1/2-1/2"]
[WhiteElo "2006"]
[BlackElo "1697"]
[Annotator "NA"]
[PlyCount "65"]
[EventDate "2019.09.07"]
[EventType "team-tourn"]
[EventCountry "POL"]
[SourceTitle "playchess.com"]
[Source "ChessBase"]
[SourceQuality "1"]
[TimeControl "40/5400+30:1800+30"]

1. e4 {[%emt 0:00:00]} c5 {[%emt 0:00:00]} 2. Nf3 {[%emt 0:00:00]} e6 {[%emt 0:00:00]} 3. d4 {[%emt 0:00:00]} cxd4 {[%emt 0:00:00]} 4. Nxd4 {[%emt 0:00:00]} a6 {[%emt 0:00:00]} 5. Bd3 {[%emt 0:00:24]} Qc7 {[%emt 0:00:58]} 6. O-O {[%emt 0:01:06]} Nf6 {[%emt 0:00:37]} 7. Nc3 {[%emt 0:00:36]} Be7 {[%emt 0:00:25]} 8. Qe2 {[%emt 0:01:07]} d6 {[%emt 0:01:16]} 9. Kh1 {[%emt 0:02:29]} Nbd7 {[%emt 0:00:53]} 10. f4 {[%emt 0:05:41]} O-O {[%emt 0:05:15]} 11. Bd2 {[%emt 0:01:12]} Rd8 {[%emt 0:07:43]} 12. Rae1 {[%emt 0:04:08]} Nc5 {[%emt 0:10:19]} 13. Nf3 {[%emt 0:26:24]} Nxd3 {[%emt 0:00:27]} 14. cxd3 {[%emt 0:05:47]} b5 {[%emt 0:06:40]} 15. Rc1 {[%emt 0:02:21]} Qb6 {[%emt 0:02:45]} 16. Be3 {[%emt 0:01:14]} Qb8 {[%emt 0:06:25]} 17. Rc2 {[%emt 0:04:43]} Bd7 {[%emt 0:06:53]} 18. Rfc1 {[%emt 0:04:29]} Rc8 {[%emt 0:06:54]} 19. Nd4 {[%emt 0:08:48]} Qb7 {[%emt 0:04:40]} 20. f5 {[%emt 0:03:23]} e5 {[%emt 0:02:40]} 21. Nf3 {[%emt 0:00:28]} b4 {[%emt 0:08:23]} 22. Nd1 {[%emt 0:01:32]} Bb5 {[%emt 0:00:14]} 23. Bg5 {[%emt 0:02:17]} a5 {[%emt 0:08:05]} 24. Bxf6 {[%emt 0:07:39]} Bxf6 {[%emt 0:00:14]} 25. Ne3 {[%emt 0:01:36]} Qa6 {[%emt 0:05:07]} 26. Rxc8+ {[%emt 0:01:49]} Rxc8 {[%emt 0:00:05]} 27. Rxc8+ {[%emt 0:00:06]} Qxc8 28. Nc4 {[%emt 0:01:02]} Bxc4 {[%emt 0:01:03]} 29. dxc4 {[%emt 0:08:15]} Qc5 {[%emt 0:00:21]} 30. g3 {[%emt 0:00:37]} Bd8 {[%emt 0:00:16]} 31. b3 {[%emt 0:00:33]} Bb6 {[%emt 0:00:23]} 32. Kg2 {[%emt 0:00:19]} Qe3 {[%emt 0:03:03]} 33. Qxe3 {[%emt 0:01:12]} 1/2-1/2

[Event "POL-chT 2 Liga 2019"]
[Site "Poronin"]
[Date "2019.09.11"]
[Round "5.25"]
[White "Bobula, Mateusz"]
[Black "Snihur, Piotr"]
[Result "1/2-1/2"]
[WhiteElo "2326"]
[BlackElo "2232"]
[Annotator "TA"]
[PlyCount "35"]
[EventDate "2019.09.07"]
[EventType "team-tourn"]
[EventCountry "POL"]
[SourceTitle "playchess.com"]
[Source "ChessBase"]
[SourceQuality "1"]

{[%evp 17,35,30,26,0,0,-15,-18,-33,0,-13,-15,-22,-22,-34,-33,-41,-36,-49,-26,-72]} 1. d4 d5 2. c4 dxc4 3. Nf3 Nf6 4. Qa4+ Nbd7 5. g3 a6 6. Nc3 e6 7. Bg2 c5 8. O-O Be7 9. dxc5 Bxc5 10. Qxc4 {E02: Open Catalan: 5 Qa4+} b5 11. Qh4 {[#] Threatens to win with Nd4.} Bb7 12. Bg5 {The position is equal.} O-O 13. Rad1 Qc7 14. Bf4 $146 ({Predecessor:} 14. Rc1 Qb6 15. b4 Be7 16. Rfd1 Bc6 17. e4 e5 18. Nd5 Bxd5 19. exd5 {½-½ (81) Swinkels,R (2499)-Balin,J (2287) Teplice 2009}) 14... Qc6 15. Ne1 Qb6 16. Bxb7 Qxb7 17. Nf3 Rfd8 18. a3 1/2-1/2